|
|
|
|
| LEADER |
00000cam a2200000 a 4500 |
| 001 |
vtls011766772 |
| 003 |
SK-MaSNL |
| 005 |
20260301184727.0 |
| 008 |
200228s2018 xo hodbf n 001 0 slo |
| 015 |
|
|
|a SNBA2018/09
|
| 020 |
|
|
|a 9788089514502
|q (viazané)
|
| 035 |
|
|
|a urn:nbn:sk:snk-am00db2n
|
| 035 |
|
|
|a urn:nbn:sk:snk-am3hw3r
|
| 035 |
|
|
|a B65454BA-35FF-4613-8A70-DF12DBDF17F5
|
| 040 |
|
|
|a SNK
|b slo
|c SNK
|e rda
|
| 041 |
0 |
|
|a slo
|a cze
|
| 043 |
|
|
|a e-xo---
|a e------
|
| 044 |
|
|
|a xo
|c SK
|
| 072 |
|
7 |
|a 94(4)
|x Dejiny Európy
|2 konspekt
|
| 080 |
|
|
|a 341.221.4
|2 2011
|
| 080 |
|
|
|a 327
|2 2011
|
| 080 |
|
|
|a 338.2
|2 2011
|
| 080 |
|
|
|a 32(091)
|2 2011
|
| 080 |
|
|
|a 930:17.024.3
|2 2011
|
| 080 |
|
|
|a 324
|2 2011
|
| 080 |
|
|
|a 94(437.6)
|2 2011
|
| 080 |
|
|
|a 94(4)
|2 2011
|
| 080 |
|
|
|a (048.8:082)
|2 2011
|
| 100 |
1 |
|
|a Syrný, Marek,
|d 1977-
|4 aut
|9 90884
|
| 245 |
1 |
0 |
|a Slovensko a Európa v roku 1947
|c Marek Syrný a kolektív
|
| 264 |
|
1 |
|a Banská Bystrica
|b Múzeum Slovenského národného povstania
|c 2018
|
| 300 |
|
|
|a 239 strán
|b faksimile, fotografie, grafy, mapy, tabuľky
|c 24 cm
|
| 336 |
|
|
|a text
|b txt
|2 rdacontent
|
| 337 |
|
|
|a bez média
|b n
|2 rdamedia
|
| 338 |
|
|
|a zväzok
|b nc
|2 rdacarrier
|
| 500 |
|
|
|a Vydané v spolupráci s Fakultou politických vied a medzinárodných vzťahov UMB v Banskej Bystrici, Historickým ústavom SAV a Vojenským historickým ústavom v Bratislave
|
| 504 |
|
|
|a Bibliografia na strane 221-235 ; bibliografické odkazy ; poznámky ; register
|
| 546 |
|
|
|a Čiastočný text v češtine
|
| 648 |
|
7 |
|a 1947
|2 SNKPH
|9 309318
|
| 650 |
0 |
7 |
|a medzinárodné vzťahy
|2 SNKPH
|9 3690
|
| 650 |
0 |
7 |
|a Internationalization
|2 SNKPHeng
|9 267177
|
| 650 |
0 |
7 |
|a zahraničná politika
|2 SNKPH
|9 971
|
| 650 |
0 |
7 |
|a Foreign policy
|2 SNKPHeng
|9 266402
|
| 650 |
0 |
7 |
|a hospodárska politika
|2 SNKPH
|9 2279
|
| 650 |
0 |
7 |
|a Economic policy
|2 SNKPHeng
|9 268361
|
| 650 |
0 |
7 |
|a politické dejiny
|2 SNKPH
|9 69271
|
| 650 |
0 |
7 |
|a Political history
|2 SNKPHeng
|9 277990
|
| 650 |
0 |
7 |
|a vyrovnanie sa s minulosťou
|2 SNKPH
|9 4483
|
| 650 |
0 |
7 |
|a Coming to terms with the past
|2 SNKPHeng
|9 303422
|
| 650 |
0 |
7 |
|a voľby
|y 1946
|2 SNKPH
|9 429285
|
| 650 |
0 |
7 |
|a Elections
|y 1946
|2 SNKPHeng
|9 429286
|
| 651 |
|
7 |
|a Slovensko
|x dejiny
|2 SNKPHgeo
|9 13278
|
| 651 |
|
7 |
|a Slovakia
|x history
|2 SNKPHeng
|9 266841
|
| 651 |
|
7 |
|a Európa
|x dejiny
|2 SNKPHgeo
|9 170615
|
| 651 |
|
7 |
|a Europe
|x History
|2 SNKPHeng
|9 176387
|
| 655 |
|
7 |
|a kolektívne monografie
|2 SNKPH
|9 249850
|
| 655 |
|
7 |
|a Collective monographs
|2 SNKPHeng
|9 125747
|
| 700 |
1 |
|
|a Borza, Peter
|4 aut
|9 342615
|
| 700 |
1 |
|
|a Goněc, Vladimír,
|d 1950-
|4 aut
|9 92380
|
| 700 |
1 |
|
|a Hruboň, Anton,
|d 1989-
|4 aut
|9 135329
|
| 700 |
1 |
|
|a Janek, István
|4 aut
|9 561756
|
| 700 |
1 |
|
|a Jankech, Juraj
|4 aut
|9 561757
|
| 700 |
1 |
|
|a Jiroušek, Bohumil,
|d 1972-
|4 aut
|9 97894
|
| 700 |
1 |
|
|a Kalický, Juraj,
|d 1967-
|4 aut
|9 261810
|
| 700 |
1 |
|
|a Kmeť, Miroslav,
|d 1964-
|4 aut
|
| 700 |
1 |
|
|a Lacko, Miroslav
|4 aut
|9 351328
|
| 700 |
1 |
|
|a Lepiš, Juraj
|4 aut
|9 561758
|
| 700 |
1 |
|
|a Macháček, Michal,
|d 1986-
|4 aut
|9 168915
|
| 700 |
1 |
|
|a Mandzák, Daniel Atanáz,
|d 1972-
|4 aut
|9 193975
|
| 700 |
1 |
|
|a Maskalík, Alex,
|d 1976-
|4 aut
|9 121358
|
| 700 |
1 |
|
|a Medvecký, Matej,
|d 1977-
|4 aut
|9 368879
|
| 700 |
1 |
|
|a Olejko, Andrzej
|4 aut
|9 440583
|
| 700 |
1 |
|
|a Podolec, Ondrej,
|d 1975-
|4 aut
|9 106461
|
| 700 |
1 |
|
|a Račko, Peter
|4 aut
|9 319492
|
| 700 |
1 |
|
|a Řepa, Tomáš,
|d 1985-
|4 aut
|9 190558
|
| 700 |
1 |
|
|a Sotáková, Lucia
|4 aut
|9 512929
|
| 700 |
1 |
|
|a Šmigeľ, Michal,
|d 1975-
|4 aut
|9 253844
|
| 700 |
1 |
|
|a Vaculík, Jaroslav
|4 aut
|9 436655
|
| 700 |
1 |
|
|a Vrábel, Ferdinand,
|d 1948-
|4 aut
|9 49484
|
| 710 |
2 |
|
|a Univerzita Mateja Bela v Banskej Bystrici.
|b Fakulta politických vied a medzinárodných vzťahov
|4 pbl
|9 124598
|
| 710 |
2 |
|
|a Slovenská akadémia vied a umení.
|b Historický ústav
|4 pbl
|9 169364
|
| 710 |
2 |
|
|a Vojenský historický ústav (Bratislava, Slovensko)
|4 pbl
|9 31770
|
| 852 |
|
|
|a Slovenská národná knižnica
|
| 919 |
|
|
|a 978-80-89514-50-2
|
| 954 |
|
|
|a odborná, vedecká literatúra pôvodná (slovenská)
|2 lita
|
| 958 |
|
|
|a NB
|
| 999 |
|
|
|c 861413
|d 863343
|
| 952 |
|
|
|a SNK
|b SNK
|y PREZ
|7 0
|p 17A1335302
|o snkSC 180691
|i snk2018/17362
|8 0
|0 0
|1 0
|4 0
|d 2018-08-24
|f 1
|l 0
|r 2026-02-24 05:12:23
|w 2026-02-24
|
| 952 |
|
|
|a SNK
|b SNK
|y VYP
|7 0
|p 17A1335303
|o snkSC 180691 D1
|i snk2018/17363
|8 0
|0 0
|1 0
|4 0
|d 2018-08-24
|l 0
|r 2026-02-24 05:12:23
|w 2026-02-24
|